000 00643nam a2200205Ia 4500
003 GCL
008 140319s9999 xx 000 0 ara d
040 _aGCL /
_cGCL
082 0 4 _a355.43
_bم ج
100 1 _aيونس شاهين
245 1 0 _aجوهر الامن /
_cيونس شاهين
700 1 _aماكنمارا, روبرت
300 _a139 ص
490 _aالهيئة العامة للاستعلامات
_v0
650 0 4 _aالولايات المتحدة الامريكية
650 0 4 _aالقوات المسلحة
650 0 4 _aالمعسكر الشيوعى
650 0 4 _aالمعسر الراسمالى
942 _2ddc
_cBK
999 _c46877
_d46877